000 00257nam a22001217a 4500
008 170505b xxu||||| |||| 00| 0 eng d
041 _aeng
080 _a34
100 _a14
101 _aSHJ
245 _aPOLICY BRUTALITY
_cBENDER.D.L
942 _2udc
_cBK
999 _c12797
_d12797